[Event "1st Barreau de Paris 2019"]
[Site "Paris"]
[Date "2019.12.19"]
[Round "7.5"]
[White "Sochacki, Wojtek"]
[Black "Mouhamad, Joachim"]
[Result "1-0"]
[WhiteElo "2320"]
[BlackElo "2293"]
[Annotator "NA"]
[PlyCount "143"]
[EventDate "2019.12.16"]
[EventType "tourn"]
[EventCountry "FRA"]
[SourceTitle "playchess.com"]
[Source "ChessBase"]
[SourceQuality "1"]
[TimeControl "5400+30"]

1. Nf3 {[%emt 0:00:00]} Nf6 {[%emt 0:00:00]} 2. c4 {[%emt 0:00:00]} g6 {[%emt 0:00:00]} 3. b3 {[%emt 0:00:00]} Bg7 {[%emt 0:00:00]} 4. Bb2 {[%emt 0:00:00]} O-O {[%emt 0:00:04]} 5. g3 {[%emt 0:00:28]} c5 {[%emt 0:00:21]} 6. Bg2 {[%emt 0:00:42]} Nc6 {[%emt 0:00:09]} 7. O-O {[%emt 0:00:51]} d6 {[%emt 0:05:04]} 8. d4 {[%emt 0:00:34]} Ne4 {[%emt 0:01:28]} 9. h3 {[%emt 0:03:00] E60: King's Indian: Unusual lines and Fianchetto Variation without Nc3} Rb8 $146 {[%emt 0:02:01]} ({Predecessor:} 9... Bf5 10. e3 Nf6 11. Nc3 cxd4 12. Nxd4 Bd7 13. Qe2 a6 14. Rfd1 Rc8 15. Rac1 Qa5 16. a3 Rfe8 {1-0 (33) Kramnik,V (2783)-Caruana,F (2811) Zuerich 2015}) 10. Nbd2 {[%emt 0:05:45]} Nxd2 {[%emt 0:00:29]} 11. Qxd2 {[%emt 0:00:02]} cxd4 {[%emt 0:00:37]} 12. Nxd4 {[%emt 0:00:40]} Nxd4 {[%emt 0:00:29]} 13. Bxd4 {[%emt 0:00:05]} Bxd4 {[%emt 0:00:57]} 14. Qxd4 {[%emt 0:00:06]} Qa5 {[%emt 0:01:26]} 15. h4 {[%emt 0:09:55]} Be6 {[%emt 0:01:37]} 16. Rfd1 {[%emt 0:01:11]} Rfc8 {[%emt 0:01:27]} 17. a4 {[%emt 0:08:44]} Rc5 {[%emt 0:02:57]} 18. Qd2 {[%emt 0:05:35]} Qxd2 {[%emt 0:01:20]} 19. Rxd2 {[%emt 0:00:01]} b6 {[%emt 0:04:39]} 20. e3 {[%emt 0:01:02]} Kg7 {[%emt 0:01:03]} 21. Kf1 {[%emt 0:04:43]} h6 {[%emt 0:01:21]} 22. Ke2 {[%emt 0:02:15]} Rbc8 $11 {[%emt 0:03:13]} 23. Rad1 {[%emt 0:17:22]} Bd7 {[%emt 0:06:53]} 24. Rd5 {[%emt 0:02:04]} Kf6 {[%emt 0:04:35]} 25. Kd3 {[%emt 0:10:23]} R5c7 {[%emt 0:04:29]} 26. e4 {[%emt 0:00:24]} Be6 {[%emt 0:05:39]} 27. Rb5 {[%emt 0:00:11]} Bg4 {[%emt 0:00:57]} 28. Ra1 {[%emt 0:00:38]} Bd7 {[%emt 0:00:16]} 29. Rb4 {[%emt 0:00:16]} Rc5 {[%emt 0:03:54]} 30. Ke3 {[%emt 0:01:56]} Ra5 {[%emt 0:01:18]} 31. Bf1 {[%emt 0:01:33]} g5 {[%emt 0:00:27]} 32. hxg5+ {[%emt 0:00:08]} hxg5 {[%emt 0:00:10]} 33. Bd3 {[%emt 0:00:12]} Rh8 {[%emt 0:00:23]} 34. Rb5 {[%emt 0:03:29]} Rb8 {[%emt 0:06:02]} 35. b4 {[%emt 0:00:05]} Rxb5 {[%emt 0:04:25]} 36. axb5 {[%emt 0:00:05]} Rb7 {[%emt 0:00:12]} 37. f4 {[%emt 0:02:01]} gxf4+ {[%emt 0:00:31]} 38. gxf4 {[%emt 0:00:02]} Rc7 {[%emt 0:00:20]} 39. Rf1 {[%emt 0:02:51]} Bc8 {[%emt 0:01:40]} 40. Kd4 {[%emt 0:01:17]} Rd7 {[%emt 0:11:17]} 41. Ke3 {[%emt 0:05:11]} Rc7 {[%emt 0:02:08]} 42. Rg1 {[%emt 0:03:07]} a6 {[%emt 0:08:53]} 43. bxa6 {[%emt 0:02:01]} Bxa6 {[%emt 0:00:03]} 44. b5 {[%emt 0:00:25]} Bc8 {[%emt 0:01:40]} 45. Rg8 {[%emt 0:00:29]} Rc5 {[%emt 0:02:35]} 46. Rd8 {[%emt 0:02:10]} Be6 {[%emt 0:01:24]} 47. Kd4 {[%emt 0:03:11]} Bc8 {[%emt 0:05:00]} 48. e5+ {[%emt 0:02:02]} dxe5+ {[%emt 0:00:40]} 49. fxe5+ {[%emt 0:00:01]} Kg5 {[%emt 0:03:27]} 50. Rg8+ {[%emt 0:00:54]} Kf4 {[%emt 0:00:27]} 51. Rf8 {[%emt 0:00:00]} Be6 {[%emt 0:01:25]} 52. Rb8 {[%emt 0:00:13]} Rc8 {[%emt 0:00:40]} 53. Rxb6 {[%emt 0:00:39]} Rd8+ {[%emt 0:00:01]} 54. Kc3 {[%emt 0:00:07]} Kxe5 {[%emt 0:00:12]} 55. c5 {[%emt 0:00:41]} f5 {[%emt 0:01:05]} 56. Rb7 {[%emt 0:00:19]} Re8 {[%emt 0:01:57]} 57. Bc4 {[%emt 0:02:08]} f4 {[%emt 0:01:30]} 58. Ra7 {[%emt 0:00:51]} f3 {[%emt 0:00:56]} 59. Ra1 {[%emt 0:00:03]} Bh3 {[%emt 0:00:34]} 60. b6 {[%emt 0:01:06]} f2 {[%emt 0:00:21]} 61. Kb4 {[%emt 0:02:11]} Bg2 {[%emt 0:00:36]} 62. Bf1 {[%emt 0:00:36]} Bd5 {[%emt 0:00:29]} 63. Bb5 {[%emt 0:00:17]} Rf8 {[%emt 0:00:21]} 64. Rc1 {[%emt 0:01:17]} Rb8 {[%emt 0:00:52]} 65. Rf1 {[%emt 0:00:34]} Rf8 {[%emt 0:00:17]} 66. c6 {[%emt 0:00:36]} Kd6 {[%emt 0:00:41]} 67. Rd1 {[%emt 0:00:49]} Rf4+ {[%emt 0:00:30]} 68. Ka5 {[%emt 0:00:06]} Kc5 {[%emt 0:00:31]} 69. Rxd5+ {[%emt 0:00:46]} Kxd5 {[%emt 0:00:08]} 70. b7 {[%emt 0:00:23]} f1=Q {[%emt 0:00:55]} 71. Bxf1 {[%emt 0:00:08]} Rxf1 {[%emt 0:00:07]} 72. c7 {[%emt 0:00:14]} 1-0

[Event "1st Barreau de Paris 2019"]
[Site "Paris"]
[Date "2019.12.20"]
[Round "8.1"]
[White "David, Alberto"]
[Black "Rakotomaharo, Fy Antenaina"]
[Result "1/2-1/2"]
[WhiteElo "2545"]
[BlackElo "2438"]
[Annotator "TA"]
[PlyCount "39"]
[EventDate "2019.12.16"]
[EventType "tourn"]
[EventCountry "FRA"]
[SourceTitle "playchess.com"]
[Source "ChessBase"]
[SourceQuality "1"]

{[%evp 20,39,12,5,12,13,2,18,0,0,0,0,0,-56,-16,-8,2,-44,0,0,27,-47]} 1. e4 e5 2. Nf3 Nc6 3. Bb5 a6 4. Ba4 Nf6 5. O-O Be7 6. Re1 b5 7. Bb3 d6 8. c3 O-O 9. d4 Bg4 10. Be3 Bh5 11. Nbd2 exd4 {C91: Closed Ruy Lopez: 7...d6 8 c3 0-0 9 d4} (11... Na5 12. Bc2 Ng4 13. Qe2 Nxe3 14. Qxe3 Bxf3 15. Nxf3 Nc4 16. Qc1 Bf6 17. a4 b4 18. cxb4 exd4 19. Bd3 {½-½ (48) Nepomniachtchi,I (2742)-Svidler,P (2749) Saint Louis 2017}) 12. cxd4 Na5 13. Bc2 c5 {The position is equal.} 14. dxc5 dxc5 15. Qb1 Bg6 16. Bg5 $146 (16. e5 $11 Nd5 17. Bxg6 fxg6 18. Qe4) ({Predecessor:} 16. e5 Nd5 17. Bxg6 hxg6 18. Qe4 Nb4 19. Rad1 {½-½ (41) Fengier,D (2219)-Kozlowski,W (2436) ICCF email 2016}) 16... Nh5 17. Be3 Nf6 18. Bg5 Nh5 19. Be3 Nf6 20. Bg5 ({White should play} 20. e5 $11 Nd5 21. Bxg6 hxg6 22. Qe4) 1/2-1/2

[Event "1st Barreau de Paris 2019"]
[Site "Paris"]
[Date "2019.12.20"]
[Round "8.2"]
[White "Lamard, Guillaume"]
[Black "Sochacki, Wojtek"]
[Result "1-0"]
[WhiteElo "2452"]
[BlackElo "2320"]
[Annotator "TA"]
[PlyCount "47"]
[EventDate "2019.12.16"]
[EventType "tourn"]
[EventCountry "FRA"]
[SourceTitle "playchess.com"]
[Source "ChessBase"]
[SourceQuality "1"]

{[%evp 15,47,13,16,10,43,29,34,43,33,16,61,51,29,2,25,33,66,60,50,42,58,33,45,31,35,37,47,50,122,60,54,59,620,624]} 1. e4 e5 2. Nf3 Nc6 3. Bb5 a6 4. Ba4 Nf6 5. Nc3 b5 6. Bb3 Bc5 7. d3 Bb7 8. O-O d6 9. a3 {[%cal Ba2a3,Ba3a4][%mdl 32] C78: Ruy Lopez: Archangelsk and Möller Defences} Nd4 (9... h6 10. Be3 O-O 11. Ba2 Rb8 12. Ne2 Bc8 13. Ng3 Bb6 14. c3 Re8 15. d4 Bg4 16. Qd3 Bxf3 17. gxf3 {1-0 (32) Karjakin,S (2780)-Sokolov,I (2663) Wijk aan Zee 2013}) 10. Nxd4 Bxd4 11. a4 $146 {White is slightly better.} ({Predecessor:} 11. Ne2 Bb6 12. Ng3 Bc8 13. Bg5 h6 14. Be3 c6 15. Qf3 Bg4 16. Bxb6 Qxb6 {1-0 (41) Alvir,A (2392)-Hitzler,P (2269) Bayern 2017}) 11... b4 12. Ne2 {[%cal Bc3e2,Be2g3,Bg3e4][%mdl 32]} Ba7 13. a5 O-O 14. Bd2 Rb8 15. Qe1 d5 16. Ng3 Re8 17. Bg5 h6 18. Bxf6 Qxf6 19. exd5 c6 20. Ne4 Qg6 $1 21. d6 $36 {[%mdl 2048] White fights for an advantage.} ({Reject} 21. Qxb4 cxd5 22. Ng3 Bc6 $15) 21... Kh8 (21... Bc8 $14) 22. d7 (22. Qxb4 $16 {aiming for d7.} Bc8 23. Qc4 {[%mdl 64] Double Attack}) 22... Re7 $14 23. Qxb4 c5 $2 {[%mdl 8192] [#]} (23... Rxd7 $14 24. Qe1 f5) 24. Qxb7 $1 {[%mdl 576] Promotion. Accuracy: White = 74%, Black = 35%.} 1-0

[Event "1st Barreau de Paris 2019"]
[Site "Paris"]
[Date "2019.12.20"]
[Round "8.3"]
[White "Di Nicolantonio, Lucas"]
[Black "Guliyev, Namig"]
[Result "1-0"]
[WhiteElo "2408"]
[BlackElo "2548"]
[Annotator "TA"]
[PlyCount "53"]
[EventDate "2019.12.16"]
[EventType "tourn"]
[EventCountry "FRA"]
[SourceTitle "playchess.com"]
[Source "ChessBase"]
[SourceQuality "1"]

{[%evp 25,53,50,22,44,67,85,328,309,306,227,214,221,231,231,360,352,641,622,620,616,890,750,752,740,730,724,1174,1046,952,753]} 1. e4 c5 2. Nf3 d6 3. d4 cxd4 4. Nxd4 Nf6 5. Nc3 a6 6. Bg5 e6 7. f4 b5 8. e5 dxe5 9. fxe5 Qc7 10. exf6 Qe5+ 11. Be2 Qxg5 12. O-O Ra7 13. Qd3 Rd7 {[#] aiming for ...Rxd4!} 14. Ne4 {B96: Sicilian Najdorf: 6 Bg5 e6 7 f4, lines other than 7...Qb6 and 7...Be7} Qe5 15. Nf3 $1 {[%cal Rf3e5]} Bc5+ $2 (15... Qc7 $16 16. Qe3 Bb7) (15... Qc7 16. Qe3 Bb7 17. Nfg5 h6 18. Qh3 g6 19. Bd3 Nc6 20. Kh1 Ne5 21. Rae1 Bb4 {1-0 (47) Wang,H (2739)-Nakamura,H (2778) Biel 2012}) 16. Kh1 $18 {White has a decisive advantage.} Qxb2 17. Qb3 $146 ({Predecessor:} 17. Rab1 gxf6 18. Rxb2 Rxd3 19. cxd3 Be7 20. Rc1 Bd7 21. Rbc2 Bd8 {1-0 (51) Brunner,R (2189)-Briao,P (2023) ICCF email 2011}) 17... Qxb3 18. cxb3 ({Weaker is} 18. axb3 Bf8 $11) 18... Bf8 {next ...Bb7 is good for Black.} 19. Rac1 Rd8 (19... Bb7 $142) 20. Rc7 {Black must now prevent Nfg5.} Rg8 $2 (20... Bd7 21. Ne5 Rc8) 21. Ne5 {White is clearly winning.} Bd7 {[#]} 22. Nxf7 $1 {[%mdl 512]} Rc8 (22... Kxf7 23. Bh5+) 23. Ned6+ Bxd6 24. Nxd6+ Kd8 25. Nxc8 Bxc8 26. Rxg7 Rf8 27. Bg4 {Accuracy: White = 87%, Black = 21%.} 1-0

[Event "1st Barreau de Paris 2019"]
[Site "Paris"]
[Date "2019.12.20"]
[Round "8.4"]
[White "Maurizzi, Marc Andria"]
[Black "Fedorchuk, Sergey A."]
[Result "1/2-1/2"]
[WhiteElo "2404"]
[BlackElo "2636"]
[Annotator "TA"]
[PlyCount "40"]
[EventDate "2019.12.16"]
[EventType "tourn"]
[EventCountry "FRA"]
[SourceTitle "playchess.com"]
[Source "ChessBase"]
[SourceQuality "1"]

{[%evp 15,40,16,29,0,0,0,0,0,0,0,0,0,0,-35,-44,-38,-29,-42,-21,-32,-43,-99,-9,-38,0,-10,0]} 1. e4 c5 2. Nf3 e6 3. d4 cxd4 4. Nxd4 Nc6 5. Nc3 Nf6 6. Nxc6 bxc6 7. e5 Nd5 8. Ne4 Bb7 9. c4 {B45: Sicilian Four Knights} (9. Be2 c5 10. O-O Qc7 11. Nd6+ Bxd6 12. exd6 Qc6 13. f3 c4 14. Qd4 O-O 15. Bxc4 Qxd6 16. Rd1 Rfc8 {1-0 (86) Vachier Lagrave,M (2774)-Kovalenko,I (2674) Khanty-Mansiysk 2019}) 9... Nb4 $1 10. Bd2 c5 11. Bxb4 cxb4 12. Nd6+ $146 ({Predecessor:} 12. Qd4 Qa5 13. b3 Rd8 14. Bd3 Bxe4 15. Qxe4 Be7 16. O-O f5 {0-1 (39) Santeramo,A (2124)-Nassr,L (1854) Manavgat 2018}) 12... Bxd6 $1 13. Qxd6 Qb6 14. O-O-O Qxd6 15. Rxd6 Rc8 16. Bd3 Ke7 17. Rd4 Rc5 18. Re1 (18. f4 $15) 18... a5 (18... Bxg2 $17 19. Rg1 Bf3) 19. Kd2 g5 20. g3 Bf3 {Accuracy: White = 50%, Black = 51%.} 1/2-1/2

[Event "1st Barreau de Paris 2019"]
[Site "Paris"]
[Date "2019.12.20"]
[Round "8.5"]
[White "Mouhamad, Joachim"]
[Black "Loiseau, Quentin"]
[Result "1/2-1/2"]
[WhiteElo "2293"]
[BlackElo "2470"]
[Annotator "TA"]
[PlyCount "122"]
[EventDate "2019.12.16"]
[EventType "tourn"]
[EventCountry "FRA"]
[SourceTitle "playchess.com"]
[Source "ChessBase"]
[SourceQuality "1"]

{[%evp 9,122,10,11,8,8,0,0,-14,-5,0,-14,-6,0,0,0,0,0,6,54,25,47,15,22,8,9,13,18,8,22,12,18,0,0,0,3,0,0,0,0,0,8,0,0,8,6,0,0,0,0,0,3,0,3,3,3,0,9,3,8,8,6,6,6,6,26,27,66,66,66,75,50,29,29,29,34,34,34,34,41,34,41,7,34,29,49,41,41,29,29,29,50,29,29,8,8,8,21,29,29,8,14,4,8,4,4,0,8,4,4,4,4,0,0,0,0]} 1. e4 e5 2. Nf3 Nc6 3. Nc3 Nf6 4. d4 Bb4 5. d5 Nb8 {[%cal Bc6b8,Bb8d7,Bd7c5][%mdl 32]} 6. Bd2 {C47: Scotch Four Knights and Four Knights with 4 g3} (6. Bd3 d6 7. O-O c6 8. dxc6 bxc6 9. Ne2 O-O 10. Ng3 Re8 11. c4 a5 12. Qe2 Nbd7 13. Rd1 Nf8 {½-½ (47) Bellahcene,B (2501)-Sunilduth Lyna,N (2573) Manavgat 2018}) 6... d6 7. Bd3 Nbd7 8. Qe2 Nc5 $146 ({Predecessor:} 8... a6 9. g3 Nc5 10. Nh4 h6 11. h3 Bd7 12. O-O-O Nxd3+ 13. Qxd3 Qe7 {0-1 (33) Skara,V (2052)-Starzec,J (2051) Slovakia 2006}) 9. a3 Bxc3 10. Bxc3 O-O 11. b4 Nxd3+ 12. cxd3 Nh5 13. Bd2 Qf6 14. Rc1 Bg4 $1 15. h3 (15. Rxc7 {feels hotter.} Rfc8 16. Rxb7 Rc2 17. Qd1 Ra2 18. Rc7) 15... Bxf3 16. Qxf3 Qxf3 17. gxf3 Rfc8 18. Ke2 Kf8 19. Rhg1 g6 20. Rc4 Ke7 21. Rgc1 Kd7 22. f4 Nxf4+ 23. Bxf4 exf4 $11 {[%mdl 4096] Endgame KRR-KRR} 24. Kf3 b5 25. Rc6 a5 26. bxa5 Rxa5 27. R1c3 f6 28. Kxf4 Ra7 29. Ke3 Rb8 30. Rb3 Ra5 31. h4 Rba8 32. Rcc3 R8a7 33. Rc1 Rxa3 34. Rxb5 Ra1 35. Rbb1 Rxb1 36. Rxb1 {KR-KR} Ra8 37. h5 Rg8 38. hxg6 hxg6 39. Rh1 Rg7 40. d4 Re7 41. Rh6 Rg7 42. Rh8 Ke7 43. Kf4 Kd7 44. f3 Ke7 $1 45. Ke3 Kd7 46. Kf2 Ke7 47. Kg3 Kd7 48. f4 Re7 49. Kf3 Rf7 50. Rg8 g5 $1 51. Kg4 gxf4 52. Kxf4 c6 53. dxc6+ Kxc6 54. Kf5 {[#] Hoping for Ke6.} Kd7 {The position is equal.} 55. Ra8 d5 56. Ra7+ Ke8 57. Ra8+ Kd7 58. exd5 {[#] Threatening mate with Ra7+.} Kd6 59. Ra6+ Kxd5 60. Rxf6 Rxf6+ 61. Kxf6 Kxd4 {Accuracy: White = 50%, Black = 68%.} 1/2-1/2

[Event "1st Barreau de Paris 2019"]
[Site "Paris"]
[Date "2019.12.20"]
[Round "9.1"]
[White "Fedorchuk, Sergey A."]
[Black "Di Nicolantonio, Lucas"]
[Result "1/2-1/2"]
[WhiteElo "2636"]
[BlackElo "2408"]
[Annotator "TA"]
[PlyCount "31"]
[EventDate "2019.12.16"]
[EventType "tourn"]
[EventCountry "FRA"]
[SourceTitle "playchess.com"]
[Source "ChessBase"]
[SourceQuality "1"]

{[%evp 14,25,0,0,0,0,0,-4,0,0,0,0,0,0]} 1. e4 c5 2. Nf3 d6 3. d4 cxd4 4. Nxd4 Nf6 5. Nc3 a6 6. Be2 e5 7. Nf3 Be7 8. Bg5 {The position is equal.} Be6 {B92: Sicilian Najdorf: 6 Be2} 9. Bxf6 Bxf6 10. Nd5 (10. O-O O-O 11. Qd2 Be7 12. Nd5 Nd7 13. Nxe7+ Qxe7 14. Rfd1 Rac8 15. c3 Rc6 16. Ng5 Nf6 17. Nxe6 fxe6 18. Qe3 Qc7 {½-½ (45) Harikrishna,P (2730)-Shankland,S (2731) Prague 2019}) 10... Nd7 11. Bc4 Rc8 12. Qe2 Nb6 13. Nxb6 {[#]} {Predecessor:} Qxb6 $146 14. Bxe6 fxe6 15. c3 O-O 16. O-O {½-½ (56) Goumas,G (2386)-Shyam,S (2519) Karlsruhe 2019} 1/2-1/2

[Event "1st Barreau de Paris 2019"]
[Site "Paris"]
[Date "2019.12.20"]
[Round "9.2"]
[White "Guliyev, Namig"]
[Black "David, Alberto"]
[Result "1/2-1/2"]
[WhiteElo "2548"]
[BlackElo "2545"]
[Annotator "TA"]
[PlyCount "33"]
[EventDate "2019.12.16"]
[EventType "tourn"]
[EventCountry "FRA"]
[SourceTitle "playchess.com"]
[Source "ChessBase"]
[SourceQuality "1"]

{[%evp 16,19,45,45,49,43]} 1. e4 c5 2. Nf3 e6 3. d4 cxd4 4. Nxd4 a6 5. Bd3 Bc5 6. Nb3 Be7 7. O-O d6 8. c4 Nf6 9. Nc3 b6 {B42: Sicilian: Kan Variation: 5 Bd3} (9... Nbd7 10. a4 b6 11. a5 O-O 12. axb6 Nxb6 13. Be3 Qc7 14. Na5 Rb8 15. b4 Nfd7 16. Rc1 Ne5 17. Be2 Nbd7 {1-0 (64) Kasimdzhanov,R (2704)-Gajewski,G (2654) Berlin 2015}) 10. Qe2 {Predecessor:} Bb7 $146 11. Bd2 Nc6 12. f4 O-O 13. Rae1 Re8 14. Kh1 Nd7 15. Bb1 Bf8 16. Nd1 Qc7 17. Ne3 {1-0 (40) Santiago,Y (2406)-Cramling,P (2518) Caleta 2015} 1/2-1/2

[Event "1st Barreau de Paris 2019"]
[Site "Paris"]
[Date "2019.12.20"]
[Round "9.4"]
[White "Rakotomaharo, Fy Antenaina"]
[Black "Mouhamad, Joachim"]
[Result "1-0"]
[WhiteElo "2438"]
[BlackElo "2293"]
[Annotator "TA"]
[PlyCount "153"]
[EventDate "2019.12.16"]
[EventType "tourn"]
[EventCountry "FRA"]
[SourceTitle "playchess.com"]
[Source "ChessBase"]
[SourceQuality "1"]

{[%evp 16,153,20,18,13,14,20,14,36,23,35,31,48,33,36,35,39,43,41,50,77,70,68,73,72,56,174,160,164,157,291,297,300,253,252,212,213,213,229,218,318,310,310,166,168,142,216,209,207,190,337,335,320,112,120,0,0,14,15,25,211,166,96,46,46,0,0,0,177,241,613,627,621,596,596,591,575,542,440,84,973,725,1118,0,1111,0,0,0,968,877,29960,29961,29964,29967,29963,29966,29962,29965,29962,5879,29976,29977,29977,29970,29978,29979,29988,2008,29989,29990,29992,29989,29989,29983,29983,29982,29982,29981,29983,29981,29981,29982,29982,29981,29982,29980,29984,29985,29994,29984,29984,29984,29984,29983,29985,29984,29993,29994,29996,29997]} 1. e4 e5 2. Nf3 Nf6 3. d4 Nxe4 4. Bd3 d5 5. Nxe5 Nd7 6. Nc3 Nxc3 7. bxc3 Nxe5 8. dxe5 Be7 9. O-O O-O {C43: Petroff Defence: 3 d4} 10. f4 f5 11. Be3 Be6 {The position is equal.} 12. Qd2 $146 ({Predecessor:} 12. a4 Qd7 13. Qf3 b6 14. Rfd1 Rfd8 15. h3 c6 16. c4 Bc5 17. Bxc5 bxc5 {1-0 (48) Moll,R (2642)-Stalmach,K (2562) ICCF email 2012}) 12... Qd7 13. a4 Rfd8 14. Qf2 b6 15. Rfd1 c5 16. Be2 Qc6 17. Bf3 {Hoping for c4!} Qe8 18. a5 Rac8 19. axb6 axb6 20. Ra7 (20. Qf1 {is interesting.} Qd7 21. Ra6 Rb8 22. g3 Kh8 23. Bxd5 Bxd5 24. c4) 20... Rd7 (20... Ra8 $14 21. Rc7 Rdb8) 21. Rxd7 $1 $18 Qxd7 {[#]} 22. Bxd5 $1 {[%mdl 512]} Qxd5 (22... b5 $16 {is a better defense.}) (22... Bxd5 23. c4) 23. Rxd5 Bxd5 24. Qd2 Be6 25. c4 Ra8 26. Qd3 Ra1+ 27. Kf2 Ra4 (27... Kf8 {keeps fighting.} 28. Qb3 Bd8) 28. g4 g6 29. g5 (29. gxf5 $142 gxf5 30. Qd1) 29... Rxc4 30. Ke1 Kf7 (30... b5 $16 31. Qd1 Kf7) 31. Kd2 {And now Qa3 would win.} b5 32. h4 $1 b4 (32... Kg7 $142 33. Qf1 Kg8) 33. Qf1 Re4 34. Qb5 $2 (34. Qf2 $18) 34... c4 $16 35. Bc5 ({White should play} 35. Ke2 $16) 35... c3+ $11 36. Kd1 $1 {Qb7! is the strong threat.} Bxc5 $1 37. Qxc5 {[%mdl 4096] Endgame KQ-KRB} Bc4 $2 (37... Rxf4 $11 38. Qa7+ Kg8) 38. Qd6 Ke8 39. Qb8+ Kd7 $1 40. h5 Be2+ 41. Ke1 {Black must now prevent Qb7+.} Bxh5+ $2 (41... Bc4+ $11 {and Black stays safe.} 42. Kf2 Rxf4+ 43. Ke3 Re4+ 44. Kf3 b3) 42. Kf2 $18 Rxf4+ $2 (42... Kc6 43. Qd6+ Kb5) 43. Kg3 Rg4+ 44. Kh3 Re4 {[#]} 45. Qd6+ $1 Kc8 46. e6 Bg4+ 47. Kh4 $2 (47. Kh2 $18 {has better winning chances.}) 47... Bd1+ $2 {[%mdl 8192]} (47... Be2+ $16 48. Kg3 Kb7) 48. Kg3 Bxc2 {[#]} 49. Qd7+ $1 {[%mdl 64] Double Attack} Kb8 50. Qd8+ $2 (50. e7 $18 Ba4 51. Qxa4 Rxe7 52. Qxb4+ {[%mdl 64] Double Attack} Rb7 53. Qxc3) 50... Kb7 $11 {aiming for ...Ba4.} 51. Qd7+ Kb8 $2 {[%mdl 8192]} (51... Kb6 $11 52. Qd6+ Kb5 53. Qd5+ Kb6 54. Qd6+ Kb5 55. Qd5+ Ka4 56. Qa2+ Kb5 57. Qd5+) 52. e7 $18 Ba4 53. Qxa4 Rxe7 54. Qxb4+ {[%mdl 64] Double Attack. KQ-KR} Rb7 55. Qxc3 Rc7 56. Qb4+ Kc8 57. Kf4 Kd7 58. Ke5 Kc8 59. Qb6 Rb7 60. Qc6+ Rc7 61. Qe8+ Kb7 62. Kd6 {White mates.} Rg7 63. Qb5+ Kc8 64. Qc4+ Kb8 65. Qb3+ Rb7 66. Qg8+ Ka7 67. Kc6 Rb6+ 68. Kc5 Rb7 69. Qa2+ Kb8 70. Qa5 Rc7+ 71. Kb6 Re7 72. Kc6 Rb7 73. Qd8+ Ka7 74. Kc5 Rf7 75. Qa5+ Kb7 76. Qb6+ Kc8 77. Qe6+ {[%mdl 64] Double Attack. Accuracy: White = 53%, Black = 43%.} 1-0

[Event "1st Barreau de Paris 2019"]
[Site "Paris"]
[Date "2019.12.20"]
[Round "9.5"]
[White "Sochacki, Wojtek"]
[Black "Maurizzi, Marc Andria"]
[Result "0-1"]
[WhiteElo "2320"]
[BlackElo "2404"]
[Annotator "NA"]
[PlyCount "80"]
[EventDate "2019.12.16"]
[EventType "tourn"]
[EventCountry "FRA"]
[SourceTitle "playchess.com"]
[Source "ChessBase"]
[SourceQuality "1"]
[TimeControl "5400+30"]

{[%evp 8,43,34,14,32767,32767,32767,9,16,-47,-56,-53,-32,-60,-53,-50,-48,-40,-41,-44,-16,-47,-16,-47,-39,-50,-39,-33,-13,-11,-13,-25,0,0,0,-28,-28,-54]} 1. Nf3 {[%emt 0:00:00]} Nf6 {[%emt 0:00:00]} 2. g3 {[%emt 0:00:00]} b6 {[%emt 0:00:00]} 3. Bg2 {[%emt 0:00:00]} Bb7 {[%emt 0:00:00]} 4. O-O {[%emt 0:00:16]} g6 {[%emt 0:00:00]} 5. d3 {[%emt 0:05:39]} d6 {[%emt 0:00:09]} 6. e4 {[%emt 0:00:33]} c5 {[%emt 0:00:06]} 7. Nc3 {[%emt 0:07:32]} Bg7 {[%emt 0:01:05] A05: Réti Opening: 1 Nf3 Nf6} 8. d4 $146 {[%emt 0:00:35]} ({Predecessor:} 8. Nh4 Nc6 9. f4 e6 10. a4 Qd7 11. g4 O-O-O 12. h3 Kb8 13. Nb5 Ne8 14. c3 Nc7 15. Be3 {½-½ (41) Teterev,V (2487)-Rozum,I (2606) Minsk 2017}) 8... Nxe4 {[%emt 0:13:41]} 9. Nxe4 {[%emt 0:00:15]} Bxe4 {[%emt 0:00:01]} 10. d5 {[%emt 0:00:14]} O-O {[%emt 0:01:13]} 11. Re1 {[%emt 0:00:05]} Bxf3 {[%emt 0:00:14]} 12. Qxf3 {[%emt 0:00:14]} Nd7 {[%emt 0:00:30]} 13. a4 {[%emt 0:01:37]} Bf6 {[%emt 0:04:24]} 14. Ra3 {[%emt 0:01:51]} a6 {[%emt 0:03:47]} 15. Bf1 {[%emt 0:00:12]} Ne5 {[%emt 0:04:19]} 16. Qe4 {[%emt 0:03:08]} Qc7 {[%emt 0:01:00]} 17. f4 {[%emt 0:01:56]} Nd7 {[%emt 0:00:09]} 18. g4 {[%emt 0:02:04]} Rfe8 {[%emt 0:07:17]} 19. Kh1 {[%emt 0:23:02]} e6 {[%emt 0:14:21]} 20. dxe6 {[%emt 0:01:19]} fxe6 {[%emt 0:00:29]} 21. c4 {[%emt 0:01:45]} Bd4 {[%emt 0:06:48]} 22. Bg2 $15 {[%emt 0:03:13]} d5 {[%emt 0:07:11]} 23. Qe2 {[%emt 0:00:52]} Nf6 {[%emt 0:00:37]} 24. Be3 {[%emt 0:21:09]} Rad8 {[%emt 0:06:06]} 25. Bxd4 {[%emt 0:08:48]} cxd4 {[%emt 0:00:06]} 26. cxd5 {[%emt 0:00:26]} exd5 {[%emt 0:02:12]} 27. Qf1 {[%emt 0:00:07]} Rxe1 {[%emt 0:02:57]} 28. Qxe1 {[%emt 0:00:03]} Re8 {[%emt 0:00:45]} 29. Qd2 {[%emt 0:00:10]} Ne4 {[%emt 0:00:25]} 30. Bxe4 {[%emt 0:00:24]} Rxe4 {[%emt 0:00:13]} 31. Rf3 {[%emt 0:00:10]} Qe7 {[%emt 0:02:25]} 32. Kg1 {[%emt 0:00:35]} Qe6 {[%emt 0:05:42]} 33. h3 {[%emt 0:02:54]} Re3 {[%emt 0:01:06]} 34. Kf2 {[%emt 0:00:30]} Qe4 {[%emt 0:02:12]} 35. Qd1 {[%emt 0:01:24]} Kf7 {[%emt 0:01:23]} 36. Qh1 {[%emt 0:00:06]} Re2+ {[%emt 0:00:07]} 37. Kg3 {[%emt 0:00:05]} Re3 {[%emt 0:00:28]} 38. Qf1 {[%emt 0:00:38]} d3 {[%emt 0:01:26]} 39. Rxe3 {[%emt 0:00:14]} Qxe3+ {[%emt 0:00:06]} 40. Kh4 {[%emt 0:00:05]} d2 {[%emt 0:00:31]} 0-1